| 000 | 00833nam a2200217Ia 4500 | ||
|---|---|---|---|
| 001 | 1151 | ||
| 003 | GE_BSU | ||
| 008 | 181216s||||||||xx |||||||||||||| ||und|| | ||
| 040 | _cGE_BSU | ||
| 080 | _a581.1(075.8) | ||
| 100 | _aკობერიძე,ალ ;ბენდიაშვილი,ნ. აბრამიშვილი,თ; | ||
| 245 | _aმცენარეთა ფიზიოლოგიის პრაკტიკუმი. | ||
| 245 | _bსახელმღვანელო სას–სამ. ინ–ტის სტუდენტთათვის | ||
| 260 | _aთბილისი | ||
| 260 | _bგანათლება | ||
| 260 | _c1975 | ||
| 300 | _a200 გვ. 20 სმ. | ||
| 541 | _h6 ლ. | ||
| 653 | _aმცენარეთა ფიზიოლოგია | ||
| 942 | _cBK | ||
| 999 |
_c35300 _d35300 |
||